|
|
|
|
| LEADER |
01144ppm a22002538a 4500 |
| 001 |
00030018 |
| 005 |
20190125080103.0 |
| 008 |
121211s2011 ||||||viesd |
| 041 |
0 |
# |
|a vie
|
| 082 |
1 |
4 |
|b Đ113Đ
|a 895.922 300 9
|
| 100 |
1 |
# |
|a Huỳnh, Kim Tường Vi
|
| 245 |
0 |
0 |
|a Đặc điểm từ ngữ Nam bộ trong truyện ngắn của Sơn Nam
|c Huỳnh Kim Tường Vi; Nguyễn Hoài Nguyên (hướng dẫn)
|b Luận văn thạc sĩ ngữ văn. Chuyên ngành: Ngôn ngữ học. Mã số: 60.22.01
|
| 260 |
# |
# |
|a Vinh
|b Đại học Vinh
|c 2011
|
| 300 |
# |
# |
|e 1 CD
|a 105 tr.+ phụ lục
|c 30 cm.
|b bảng biểu
|
| 500 |
# |
# |
|a ĐTTS ghi: Bộ giáo dục và đào tạo. Trường Đại học Vinh
|
| 653 |
# |
# |
|a Luận văn
|
| 653 |
# |
# |
|a Đặc điểm từ ngữ
|
| 653 |
# |
# |
|a Văn học Việt Nam
|
| 653 |
# |
# |
|a Sơn Nam
|
| 700 |
1 |
# |
|a Nguyễn, Hoài Nguyên
|e Hướng dẫn
|
| 852 |
# |
# |
|j LV.0000173
|
| 852 |
# |
# |
|b Kho đọc SĐH
|j LV.0000173
|
| 910 |
# |
# |
|d 11/12/2012
|
| 980 |
# |
# |
|a Trung tâm Học liệu Lê Vũ Hùng, Trường Đại học Đồng Tháp
|